Thai GL actress + couple edition GMMTV - Statistics

General Stats
  • This quiz has been taken 435 times
  • The average score is 14 of 16
Answer Stats
Picture Answer % Correct
emi
98%
bonnie
96%
love
96%
milk
96%
namtan
95%
film
94%
emibonnie
91%
milklove
91%
view
90%
namtanfilm
88%
ciize
83%
viewmim
82%
kapook
74%
junemewnich
69%
piploy
68%
janjingjing
66%
No matching quizzes found
Score Distribution
Percent of People with Each Score
Percentile by Number Answered
Your Score History
You have not taken this quiz